000 00421nam a2200169 4500
001 148282
003 ES-MaACL
005 20230906202531.0
007 t|
008 070214s1970 sp r ||||1| spa d
100 1 _aStarr, Oddison.
_9107940
245 1 0 _aUrbe /
_cOddison Starr.
250 _a1ª. ed.
260 _aMadrid :
_bRollán,
_c1970.
300 _a176 p. ;
_c18 cm.
852 _aES-MaACL
_jC-43874
_bR.82338
999 _c148282
_d148282